00299nam a2200121Ia 4500008004100000100002200041245006000063260001200123260001100135260000900146300000700155650001500162160226s9999 xx 000 0 und d10aWeragoda,G.G.S.P. 4aThe Chemistry Behind Flavors:The Chemistry of Chocolate aColombo bIchemc c2015 a25 a Chocolate